Estrés académico y niveles de cortisol sérico y salival en estudiantes de odontología de la Corporación Universitaria Rafael Núñez / (Registro nro. 5620)

Detalles MARC
000 -LEADER
fixed length control field 01766nam a2200253 4500
003 - CONTROL NUMBER IDENTIFIER
control field co-ctgcurn
005 - DATE AND TIME OF LATEST TRANSACTION
control field 20250329165503.0
007 - PHYSICAL DESCRIPTION FIXED FIELD--GENERAL INFORMATION
fixed length control field ta
008 - FIXED-LENGTH DATA ELEMENTS--GENERAL INFORMATION
fixed length control field 190415s2021 000 0 eng d
040 ## - CATALOGING SOURCE
Original cataloging agency CO-CtgCURN
Language of cataloging spa
Transcribing agency coctgcurn
082 0# - DEWEY DECIMAL CLASSIFICATION NUMBER
Classification number ODO 2021
Item number O839
100 1# - MAIN ENTRY--PERSONAL NAME
Personal name Ospino Guerra, Juliette.
245 10 - TITLE STATEMENT
Title Estrés académico y niveles de cortisol sérico y salival en estudiantes de odontología de la Corporación Universitaria Rafael Núñez /
Statement of responsibility, etc. Juliette Ospino Guerra; directora Jennifer Orozco Páez; co-investigadora Natalia Fortich Mesa.
260 #1 - PUBLICATION, DISTRIBUTION, ETC.
Place of publication, distribution, etc. Cartagena de Indias : :
Name of publisher, distributor, etc. Corporación Universitaria Rafael Nuñez,,
Date of publication, distribution, etc. 2021.
300 ## - PHYSICAL DESCRIPTION
Extent 28 hojas.
504 ## - BIBLIOGRAPHY, ETC. NOTE
Bibliography, etc. note Trabajo de grado (Odontologo).Corporación Universitaria Rafael Núñez. Facultad de Ciencias de Salud. Programa de Odontología, 2021.
520 ## - SUMMARY, ETC.
Summary, etc. "el estrés académico, se ha convertido en un tema de interés y preocupación a nivel mundial, ya se ha demostrado que sus efectos inciden tanto en la salud física y mental, como en el rendimiento laboral y en el caso de los estudiantes, influye en el rendimiento académico. El estrés es considerado como una respuesta fisiológica que produce en el organismo ante los estímulos estresores y se ve reflejado en la variación de la hormona del estrés, el cortisol."
650 14 - SUBJECT ADDED ENTRY--TOPICAL TERM
Topical term or geographic name entry element Odontología
Form subdivision Tesis y disertaciones academicas.
700 1# - ADDED ENTRY--PERSONAL NAME
Personal name Fortich Mesa, Natalia,
Relator term co-investigadora.
700 1# - ADDED ENTRY--PERSONAL NAME
Personal name Orozco Páez, Jennifer,
Relator term directora.
856 ## - ELECTRONIC LOCATION AND ACCESS
Uniform Resource Identifier <a href="https://unicurn.sharepoint.com/:b:/s/biblioteca/EeXrP5EyPC1HpWoNjuJbC9EBXqYfI0aq8QS-vfUfoPglEQ?e=9VdG3t">https://unicurn.sharepoint.com/:b:/s/biblioteca/EeXrP5EyPC1HpWoNjuJbC9EBXqYfI0aq8QS-vfUfoPglEQ?e=9VdG3t</a>
Public note Click aqui para ver el recurso en texto completo
942 ## - ADDED ENTRY ELEMENTS (KOHA)
Source of classification or shelving scheme Dewey Decimal Classification
Koha item type Trabajos de grado
Classification part ODO 2021
Item part O839
Existencias
Withdrawn status Lost status Source of classification or shelving scheme Damaged status Not for loan Collection Home library Current library Shelving location Date acquired Source of acquisition Cost, normal purchase price Inventory number Total checkouts Full call number Barcode Date last seen Price effective from Koha item type
    Dewey Decimal Classification     Trabajos de grado Miguel Henríquez Emiliani Miguel Henríquez Emiliani Trabajo de grado 06/01/2021 El autor 350000.00 023757   ODO 2021 O839 023757 03/29/2025 03/29/2025 Trabajos de grado